000 01093namaa2200277 i 4500
003 EG-GICUC
005 20260307115710.0
008 260307s198u le ||||gr|||| 000 0 ara d
040 _aEG-GiCUC
_bara
_cEG-GiCUC
_dEG-GiCUC
_erda
082 0 4 _221
_a811.009
_bT114s
092 0 4 _221
_a811.009
_bT114s
099 _a811.009 T114s
100 1 _aالتبريزى، يحيى بن على
_d-1109
_eمؤلف.
245 1 0 _aشرح القصائد العشر /
_cللامام الخطيب أبي زكريا يحيى بن علي التبريزي.
264 _aبيروت :
_bدار الجيل،
_c[198?].
300 _a335 صفحة ؛
_c24 سم
_bإيضاحيات، صور، مثيليات ؛ Illustrations
336 _2rdacontent
_atext
337 _2rdamedia
_aUnmediated
338 _2rdacarrier
_avolume
504 _aيشتمل على ارجاعات ببليوجرافية.
541 _aد. جابر عصفور ؛
_bالقاهرة ؛
_cإهداء ؛
_d2024.
650 1 _aالشعر العربى
_xتاريخ ونقد
_2qrmak
651 1 _2qrmak
905 _aAsmaa
942 _2ddc
_cBK
_e21
_n0
999 _c178917
_d178917